Calciatori del Paris Saint-Germain nella Squadra dell'anno UEFA - Statistics

Statistiche generali
  • Questo quiz è stato fatto 6 volte
  • Il punteggio medio è 4 su 5
Statistiche sulle risposte
Numero apparizioni Edizioni apparizioni Nazione Calciatore % Corretto
1 2018 Francia Kylian Mbappé
100%
1 2020 Brasile Neymar
83%
2 2012; 2013 Brasile Thiago Silva
67%
2 2013; 2014 Svezia Zlatan Ibrahimović
67%
1 2017 Brasile Dani Alves
50%
Nessun quiz corrispondente trovato
Distribuzione punteggi
Percentuale di utenti per punteggio
Percentile per numero di risposta
I tuoi punteggi nel tempo
Non hai fatto questo quiz